[Event "29th Czech Open A 2018"]
[Site "Pardubice CZE"]
[Date "2018.07.21"]
[Round "2.74"]
[White "Tomczak, Mikolaj"]
[Black "Semjonovs, Ilja"]
[Result "1/2-1/2"]
[WhiteTitle "FM"]
[WhiteElo "2432"]
[BlackElo "2219"]
[WhiteFideId "1175114"]
[BlackFideId "11604263"]
[EventDate "2018.07.20"]

1. Nf3 Nf6 2. c4 c5 3. g3 b6 4. Bg2 Bb7 5. O-O g6 6. d4 cxd4 7. Nxd4 Bxg2 8.
Kxg2 Bg7 9. Nc3 O-O 10. e4 d6 11. f3 Qd7 12. Be3 Nc6 13. Rc1 Rac8 14. b3 Rfd8
15. Qd2 Qb7 16. Rfd1 Ne5 17. Nd5 Ne8 18. h4 e6 19. Nc3 h5 20. a4 a6 21. Qa2 Nc7
22. a5 bxa5 23. Qxa5 Rb8 24. Na4 Nc6 25. Nxc6 Qxc6 26. b4 Rb7 27. Nc5 Rbb8 28.
Nxa6 Qxa6 29. Qxc7 Qa2+ 30. Bf2 Bb2 31. Rc2 Qb3 32. Rcd2 Rbc8 33. Qb6 Bc3 34.
Rxd6 Rxd6 35. Rxd6 Qxc4 36. b5 e5 37. Rd5 Qe2 38. Qe3 Qb2 39. b6 Bd4 40. Rxd4
exd4 41. Qxd4 Rc2 42. Qxb2 Rxb2 43. g4 hxg4 44. fxg4 Rb3 45. e5 Rb5 46. Bd4 1/2-1/2

[Event "29th Czech Open A 2018"]
[Site "Pardubice CZE"]
[Date "2018.07.21"]
[Round "2.75"]
[White "Roenko, Artur"]
[Black "Horvath, Dominik"]
[Result "0-1"]
[BlackTitle "IM"]
[WhiteElo "2162"]
[BlackElo "2429"]
[WhiteFideId "14136732"]
[BlackFideId "1642561"]
[EventDate "2018.07.20"]

1. d4 d5 2. c4 e6 3. Nc3 Bb4 4. Nf3 Nf6 5. a3 Bxc3+ 6. bxc3 c6 7. a4 O-O 8. Ba3
Re8 9. e3 b6 10. Ne5 Ba6 11. Qf3 Qc8 12. Bd3 Nbd7 13. Qh3 h6 14. f4 c5 15. O-O
Bxc4 16. Bxc4 dxc4 17. Qf3 Qc7 18. Nxc4 cxd4 19. Nd6 dxc3 20. Nxe8 Rxe8 21. e4
Qc4 22. Rfe1 e5 23. f5 Rc8 24. Be7 Nc5 25. Bxc5 Rxc5 26. h3 a6 27. Kh2 b5 28.
axb5 axb5 29. Ra8+ Rc8 30. Rxc8+ Qxc8 31. Qd3 b4 32. Rc1 Qc6 33. Rb1 b3 34. Rxb3
c2 35. Rb8+ Kh7 36. Qd8 Ne8 37. Rc8 c1=Q 38. Rxc6 Qxc6 39. Qe7 Nf6 40. Qxf7 Qxe4
41. Qg6+ Kg8 42. g4 Qf4+ 0-1

[Event "29th Czech Open A 2018"]
[Site "Pardubice CZE"]
[Date "2018.07.21"]
[Round "2.76"]
[White "Bryzgalin, Kirill"]
[Black "ter Stal, Rainer"]
[Result "1-0"]
[WhiteTitle "GM"]
[BlackTitle "CM"]
[WhiteElo "2424"]
[BlackElo "2194"]
[WhiteFideId "4133285"]
[BlackFideId "12993603"]
[EventDate "2018.07.20"]

1. d4 f5 2. g3 Nf6 3. Bg2 g6 4. Nd2 Bg7 5. Ngf3 O-O 6. O-O d6 7. c3 h6 8. Re1 g5
9. e4 fxe4 10. Nxe4 c6 11. h4 Nxe4 12. Rxe4 d5 13. Re1 gxh4 14. Nxh4 Qe8 15. Qe2
Qf7 16. Bf4 e5 17. Bxe5 Bxe5 18. dxe5 Be6 19. f4 Qg7 20. Qd3 Bg4 21. Rf1 Nd7 22.
Rae1 Rae8 23. Kh2 Nc5 24. Qe3 Ne6 25. f5 Ng5 26. Rf4 h5 27. c4 dxc4 28. f6 Qh6
29. Nf5 Bxf5 30. Rxf5 Nf7 31. e6 Qxe3 32. Rxe3 Nh6 33. f7+ 1-0

[Event "29th Czech Open A 2018"]
[Site "Pardubice CZE"]
[Date "2018.07.21"]
[Round "2.77"]
[White "Vykouk, Jan"]
[Black "Moravec, Vit"]
[Result "1-0"]
[WhiteTitle "FM"]
[WhiteElo "2419"]
[BlackElo "2189"]
[WhiteFideId "349658"]
[BlackFideId "331481"]
[EventDate "2018.07.20"]

1. e4 e5 2. Nf3 Nc6 3. Bc4 Nf6 4. d3 Be7 5. O-O O-O 6. Re1 d6 7. c3 Na5 8. Bb5
a6 9. Ba4 b5 10. Bc2 c5 11. Nbd2 Nc6 12. Nf1 h6 13. Ng3 Re8 14. h3 Bf8 15. d4
cxd4 16. cxd4 Nxd4 17. Nxd4 exd4 18. Qxd4 Be6 19. Bd2 Rc8 20. Bd3 d5 21. e5 Nd7
22. Rad1 Bc5 23. Qf4 Qg5 24. Qxg5 hxg5 25. Bxg5 Bd4 26. Bh7+ Kxh7 27. Rxd4 Rc2
28. f4 g6 29. Re2 Rec8 30. Kf2 Rxe2+ 31. Kxe2 Rc2+ 32. Rd2 Rc1 33. Be7 Rc4 34.
b3 Rc3 35. Nf1 g5 36. Bxg5 Nc5 37. Ne3 Ne4 38. Rd4 Nxg5 39. fxg5 Kg6 40. Kd2 Rc8
41. h4 Kh5 42. g3 a5 43. Nxd5 1-0

[Event "29th Czech Open A 2018"]
[Site "Pardubice CZE"]
[Date "2018.07.21"]
[Round "2.78"]
[White "Drnovsek, Gal"]
[Black "Nguyen, Alex Dac-Vuong"]
[Result "1/2-1/2"]
[WhiteTitle "IM"]
[WhiteElo "2414"]
[BlackElo "2175"]
[WhiteFideId "14607077"]
[BlackFideId "12984388"]
[EventDate "2018.07.20"]

1. d4 Nf6 2. c4 c5 3. d5 b5 4. Qc2 Na6 5. a3 bxc4 6. e4 e6 7. Bxc4 Nc7 8. Nc3
exd5 9. exd5 d6 10. h3 Be7 11. Nf3 O-O 12. O-O Re8 13. Bf4 Rb8 14. Rfe1 Nh5 15.
Be3 Bf6 16. Rab1 h6 17. b4 cxb4 18. axb4 a6 19. Ne4 Bf5 20. Bd3 Be5 21. Qc4 Rb5
22. Nd4 Bxd4 23. Bxd4 Bxe4 24. Bxe4 Nf4 25. Qc6 Re7 26. Bb6 Qe8 27. Bxc7 Qxc6
28. dxc6 Rxc7 29. g3 Nxh3+ 30. Kg2 Ng5 31. Bc2 Kf8 32. Ba4 Rb6 33. Re3 Ne6 34.
f4 g6 35. Rd3 Ke7 36. Kf3 a5 37. b5 Rcxc6 38. bxc6 Rxb1 39. Rd5 Rc1 40. Rxa5
Nd4+ 41. Ke4 Nxc6 42. Ra6 Rc4+ 43. Ke3 Nd8 44. Ra7+ Kf6 45. Be8 d5 46. Kf3 Re4
47. Bd7 Re7 48. Ra6+ Ne6 49. Rd6 d4 50. Bxe6 Rxe6 51. Rxd4 g5 52. fxg5+ hxg5 53.
Ra4 Rb6 54. Ra3 Rb5 55. Ra7 Rb3+ 56. Kf2 g4 57. Ra5 Rf3+ 58. Kg2 Rf5 59. Ra4 Kg5
60. Ra2 Rb5 1/2-1/2

[Event "29th Czech Open A 2018"]
[Site "Pardubice CZE"]
[Date "2018.07.21"]
[Round "2.79"]
[White "Plischki, Sebastian"]
[Black "Lomakin, Viktor"]
[Result "1-0"]
[WhiteTitle "IM"]
[WhiteElo "2413"]
[BlackElo "2167"]
[WhiteFideId "4637143"]
[BlackFideId "14101920"]
[EventDate "2018.07.20"]

1. Nf3 Nf6 2. c4 e6 3. g3 b6 4. Bg2 Bb7 5. O-O c5 6. Nc3 Be7 7. d4 cxd4 8. Qxd4
d6 9. Rd1 a6 10. b3 Nbd7 11. e4 Qc8 12. Ba3 Nc5 13. e5 dxe5 14. Nxe5 Bxg2 15.
Kxg2 Qb7+ 16. Kg1 O-O 17. Na4 Rad8 18. Nxc5 Rxd4 19. Nxb7 Rxd1+ 20. Rxd1 Bxa3
21. Nd7 Nxd7 22. Rxd7 g5 23. Nd8 Bb2 24. Nc6 b5 25. cxb5 axb5 26. Rb7 Ra8 27.
Rxb5 Rxa2 28. Rxg5+ Kf8 29. Ra5 Rxa5 30. Nxa5 Bc3 31. Nc4 Ke7 32. Kf1 e5 33. Ke2
Ke6 34. Kd3 Bb4 35. f3 f5 36. Ne3 Bc5 37. g4 fxg4 38. fxg4 Bb4 39. Ke4 Bc3 40.
Nd5 Bd4 41. h3 Bg1 42. Ne3 Bf2 43. Nc4 Bd4 44. b4 Kf6 45. b5 h5 46. gxh5 Kg5 47.
Nxe5 1-0

[Event "29th Czech Open A 2018"]
[Site "Pardubice CZE"]
[Date "2018.07.21"]
[Round "2.80"]
[White "Sprenar, Petr"]
[Black "Fenil, Shah"]
[Result "0-1"]
[BlackTitle "IM"]
[WhiteElo "2192"]
[BlackElo "2411"]
[WhiteFideId "397164"]
[BlackFideId "5019850"]
[EventDate "2018.07.20"]

1. d4 d5 2. c4 e6 3. Nf3 c6 4. Qc2 Nf6 5. g3 dxc4 6. Qxc4 b5 7. Qc2 Bb7 8. Bg2
Nbd7 9. Nc3 a6 10. Bg5 c5 11. dxc5 Bxc5 12. O-O Rc8 13. Qb3 O-O 14. Rad1 Qb6 15.
Ne1 h6 16. Bxf6 Nxf6 17. Bxb7 Qxb7 18. Nf3 b4 19. Nb1 a5 20. a4 Ng4 21. Nbd2 e5
22. e3 e4 23. Nd4 Rfd8 24. Nc4 Bxd4 25. exd4 Qd5 26. Nd2 Qxd4 27. Nf3 Qc5 28. h3
Nf6 29. Nh4 Re8 30. Ng2 Qc2 31. Qxc2 Rxc2 32. Rb1 Nd5 33. Rfd1 Re5 34. Rd4 b3
35. Rbd1 Nb4 36. R4d2 Nd3 37. Ne3 Rec5 38. f3 Nxb2 39. Rxc2 bxc2 40. Rc1 exf3
41. Rxc2 Nxa4 42. Rxc5 Nxc5 43. Nc4 a4 44. Kf2 Nd3+ 45. Kxf3 Ne5+ 0-1

[Event "29th Czech Open A 2018"]
[Site "Pardubice CZE"]
[Date "2018.07.21"]
[Round "2.81"]
[White "Bartos, Jan"]
[Black "Gorbatov, Alexej"]
[Result "1-0"]
[WhiteTitle "FM"]
[BlackTitle "IM"]
[WhiteElo "2153"]
[BlackElo "2409"]
[WhiteFideId "315060"]
[BlackFideId "4111834"]
[EventDate "2018.07.20"]

1. d4 g6 2. e4 Bg7 3. Nf3 d6 4. Bc4 e6 5. O-O Ne7 6. Re1 O-O 7. c3 Nd7 8. Nbd2
c5 9. dxc5 Nxc5 10. Bf1 a6 11. Nb3 Na4 12. Qc2 Qc7 13. Be3 b5 14. Rac1 Bb7 15.
Nbd4 e5 16. Ne2 d5 17. exd5 Nxd5 18. Bd2 Rac8 19. Qb1 e4 20. Nfd4 Qb6 21. Nc2
Nc5 22. Nf4 Ne7 23. Be3 Qc7 24. Rcd1 Nd7 25. Nb4 Nf6 26. h3 a5 27. Nc2 b4 28. c4
Nf5 29. Bc1 g5 30. Ne2 h6 31. Ned4 Nh4 32. Ne3 Qe5 33. b3 Rfd8 34. Bb2 Ne8 35.
Re2 Qf4 36. Red2 Rxd4 37. Bxd4 Bf8 38. Be2 Nf3+ 39. Bxf3 exf3 40. g3 Qb8 41. Qf5
Qa8 42. Ng4 Rc6 43. Be5 Re6 44. Rd7 Be7 45. Nxh6+ Rxh6 46. Rxe7 Rh7 47. Rxe8+
Qxe8 48. Qxg5+ 1-0

[Event "29th Czech Open A 2018"]
[Site "Pardubice CZE"]
[Date "2018.07.21"]
[Round "2.82"]
[White "Sadhwani, Raunak"]
[Black "Nehyba, Martin"]
[Result "1-0"]
[WhiteTitle "FM"]
[WhiteElo "2409"]
[BlackElo "2163"]
[WhiteFideId "35093487"]
[BlackFideId "377074"]
[EventDate "2018.07.20"]

1. e4 c5 2. b3 e6 3. Bb2 Nc6 4. Nf3 Nf6 5. e5 Nd5 6. Nc3 Nxc3 7. Bxc3 Be7 8. Bd3
Rb8 9. Qe2 a6 10. h4 b5 11. a4 c4 12. bxc4 bxa4 13. O-O a3 14. h5 a5 15. Nd4
Nxd4 16. Bxd4 Ba6 17. c5 Bxd3 18. Qxd3 Qc7 19. Rxa3 Rc8 20. Rfa1 O-O 21. Rxa5
Rb8 22. Qe4 Rb7 23. Be3 Rfb8 24. d4 Rb1+ 25. Kh2 f5 26. Qd3 Rxa1 27. Rxa1 Bxc5
28. f4 Bf8 29. d5 Rc8 30. d6 Qc6 31. Ra7 Kf7 32. c4 Ke8 33. c5 Kf7 34. Qb1 Ke8
35. Qb6 Qe4 36. Rc7 Ra8 37. c6 Rd8 38. Rxd7 1-0

[Event "29th Czech Open A 2018"]
[Site "Pardubice CZE"]
[Date "2018.07.21"]
[Round "2.83"]
[White "Milikow, Yoav"]
[Black "Popov, Mikhail"]
[Result "0-1"]
[BlackTitle "FM"]
[WhiteElo "2161"]
[BlackElo "2404"]
[WhiteFideId "2822237"]
[BlackFideId "4146182"]
[EventDate "2018.07.20"]

1. d4 Nf6 2. c4 g6 3. Nc3 Bg7 4. e4 d6 5. Nf3 O-O 6. h3 e5 7. d5 a5 8. g4 Nfd7
9. Be3 Nc5 10. a3 a4 11. Bxc5 dxc5 12. Nxa4 Nc6 13. Nxc5 Qe7 14. Nb3 Nd4 15.
Nbxd4 exd4 16. Qc2 f5 17. gxf5 Bxf5 18. Bd3 Bxe4 19. Bxe4 Rxf3 20. d6 cxd6 21.
Qe2 Rb3 22. c5 Rxb2 23. Bd5+ Kf8 24. Qxe7+ Kxe7 25. O-O-O Rb5 26. Rhe1+ Kd8 27.
Bf7 Rxa3 28. Re8+ Kd7 29. Rg8 Bh6+ 0-1

[Event "29th Czech Open A 2018"]
[Site "Pardubice CZE"]
[Date "2018.07.21"]
[Round "2.84"]
[White "Frolov, Artur"]
[Black "Ajay Krishna, S"]
[Result "1-0"]
[WhiteTitle "IM"]
[WhiteElo "2393"]
[BlackElo "2161"]
[WhiteFideId "14100134"]
[BlackFideId "5096430"]
[EventDate "2018.07.20"]

1. e4 c5 2. Nf3 d6 3. Bb5+ Nd7 4. c4 e6 5. Nc3 Nf6 6. O-O Be7 7. Qe2 O-O 8. Ba4
a6 9. h3 Qc7 10. d3 b6 11. Nh2 Bb7 12. f4 Bc6 13. Bxc6 Qxc6 14. a4 Rfe8 15. e5
d5 16. exf6 Bxf6 17. Bd2 g6 18. Ng4 Bg7 19. Ne5 Qd6 20. Rae1 Nf6 21. Bc1 Rab8
22. Qf3 h6 23. Re2 Red8 24. Kh1 Nh7 25. Rfe1 Nf8 26. cxd5 exd5 27. f5 g5 28. Ng4
f6 29. Re7 d4 30. Nd1 Rd7 31. R7e2 b5 32. axb5 axb5 33. b3 Qd5 34. Qg3 Rb6 35.
h4 Qxb3 36. hxg5 hxg5 37. Qh3 c4 38. Ndf2 cxd3 39. Nxd3 Qd5 40. Ba3 Rb8 41. Re7
Rxe7 42. Rxe7 Rb7 43. Rxg7+ Kxg7 44. Qh6+ 1-0

[Event "29th Czech Open A 2018"]
[Site "Pardubice CZE"]
[Date "2018.07.21"]
[Round "2.85"]
[White "Koykka, Pekka"]
[Black "Oberhofer, Cedric"]
[Result "1-0"]
[WhiteTitle "FM"]
[WhiteElo "2382"]
[BlackElo "2141"]
[WhiteFideId "504319"]
[BlackFideId "12941220"]
[EventDate "2018.07.20"]

1. d4 Nf6 2. Bg5 c5 3. Bxf6 exf6 4. Nc3 d5 5. Nf3 Be6 6. e4 dxe4 7. Bb5+ Bd7 8.
Qe2 Bxb5 9. Qxe4+ Qe7 10. Qxe7+ Bxe7 11. Nxb5 Na6 12. O-O-O O-O 13. Rhe1 Bd8 14.
d5 Nb8 15. Nd6 b6 16. Re4 Nd7 17. Nd2 g6 18. g4 Bc7 19. N2c4 Ne5 20. Nxe5 Bxd6
21. Nd7 f5 22. gxf5 Rfd8 23. Ne5 gxf5 24. Re2 f6 25. Nf3 Re8 26. Rde1 Kf7 27.
Rxe8 Rxe8 28. Rxe8 Kxe8 29. h3 Bf4+ 30. Kd1 Kd7 31. c4 Kd6 32. Ne1 h5 33. Nd3
Bg5 34. Ke2 h4 35. b3 a6 36. Kf3 b5 37. Nf4 Bh6 38. Ne6 Bd2 39. Ke2 Bc1 40. f4
bxc4 41. bxc4 a5 42. Kf3 1-0

[Event "29th Czech Open A 2018"]
[Site "Pardubice CZE"]
[Date "2018.07.21"]
[Round "2.86"]
[White "Kuchar, Matej"]
[Black "Cerveny, Martin"]
[Result "1/2-1/2"]
[BlackTitle "IM"]
[WhiteElo "2108"]
[BlackElo "2359"]
[WhiteFideId "358207"]
[BlackFideId "321141"]
[EventDate "2018.07.20"]

1. e4 c5 2. Nf3 d6 3. d4 cxd4 4. Nxd4 Nf6 5. Nc3 a6 6. Be3 e5 7. Nb3 Be6 8. f4
Nbd7 9. f5 Bxb3 10. axb3 d5 11. Nxd5 Nxe4 12. Qf3 Nd6 13. O-O-O Rc8 14. g4 Be7
15. Nxe7 Qxe7 16. g5 Rc6 17. h4 f6 18. Bc4 Nxc4 19. bxc4 Kd8 20. gxf6 gxf6 21.
Rhg1 Kc8 22. Bh6 Nb6 23. Rg7 Qb4 24. b3 Kb8 25. Be3 Qf8 26. Qg2 Qa3+ 27. Kb1
Rhc8 28. Bxb6 Rxb6 29. Rdd7 Qb4 30. Qd5 Rxc4 31. Rxb7+ Rxb7 32. Rxb7+ Qxb7 33.
Qxc4 Qc8 34. Qb4+ Ka8 35. Qe4+ Ka7 36. Qe3+ Ka8 1/2-1/2

[Event "29th Czech Open A 2018"]
[Site "Pardubice CZE"]
[Date "2018.07.21"]
[Round "2.87"]
[White "Svanda, Ondrej"]
[Black "Meissner, Felix"]
[Result "1/2-1/2"]
[BlackTitle "FM"]
[WhiteElo "2111"]
[BlackElo "2354"]
[WhiteFideId "359670"]
[BlackFideId "24671827"]
[EventDate "2018.07.20"]

1. e4 c5 2. Nf3 d6 3. d4 cxd4 4. Nxd4 Nf6 5. Nc3 a6 6. Be2 Nbd7 7. O-O g6 8. Be3
Bg7 9. Kh1 Nc5 10. f3 O-O 11. Nb3 Nxb3 12. axb3 Bd7 13. f4 Bc6 14. Bf3 Qc7 15.
Qe2 Rfe8 16. Rad1 Rac8 17. Rd2 b5 18. Nd5 Qb7 19. c4 Nd7 20. Bf2 Nc5 21. Bxc5
dxc5 22. e5 bxc4 23. bxc4 Qb8 24. Ra1 Bb7 25. Rad1 Bh6 26. g3 Kg7 27. Kg2 Bc6
28. Ra1 Qb7 29. Qe3 Red8 30. Rad1 Re8 31. Ra1 Red8 1/2-1/2

[Event "29th Czech Open A 2018"]
[Site "Pardubice CZE"]
[Date "2018.07.21"]
[Round "2.88"]
[White "Flick, Antoine"]
[Black "Polak, Benedikt"]
[Result "1/2-1/2"]
[WhiteTitle "FM"]
[WhiteElo "2348"]
[BlackElo "2126"]
[WhiteFideId "26025736"]
[BlackFideId "317012"]
[EventDate "2018.07.20"]

1. d4 Nf6 2. Nf3 g6 3. Bf4 Bg7 4. e3 O-O 5. Be2 c5 6. c3 b6 7. h3 Bb7 8. Nbd2 d6
9. O-O Nbd7 10. Bh2 Rc8 11. a4 a6 12. Re1 Rc7 13. Qb3 Qa8 14. Bc4 Rcc8 15. Ng5
Bd5 16. Bxd5 Qxd5 17. Qxd5 Nxd5 18. Rad1 cxd4 19. exd4 Rfe8 20. Ngf3 Bh6 1/2-1/2

[Event "29th Czech Open A 2018"]
[Site "Pardubice CZE"]
[Date "2018.07.21"]
[Round "2.89"]
[White "Krykun, Yuriy"]
[Black "Biastoch, Bennet"]
[Result "1-0"]
[WhiteTitle "FM"]
[WhiteElo "2345"]
[BlackElo "2099"]
[WhiteFideId "14140667"]
[BlackFideId "12939889"]
[EventDate "2018.07.20"]

1. d4 d5 2. c4 c6 3. Nf3 Nf6 4. Nc3 e6 5. e3 Nbd7 6. Qc2 Bd6 7. Bd3 O-O 8. O-O
dxc4 9. Bxc4 b5 10. Be2 Bb7 11. e4 e5 12. dxe5 Nxe5 13. Nh4 Ng6 14. Nf5 Be5 15.
f4 Bxc3 16. Qxc3 Ne7 17. Ng3 Re8 18. Be3 Ned5 19. Qd3 Nxe3 20. Qxe3 Qb6 21. Qxb6
axb6 22. e5 Nd5 23. Ne4 Ne3 24. Rfc1 Nf5 25. Bg4 Nd4 26. Nd6 Re7 27. Rd1 Nc2 28.
Nf5 Rc7 29. Rac1 g6 30. Rxc2 gxf5 31. Bxf5 Rxa2 32. Rd8+ Kg7 33. Rc3 f6 34. Rg3+
Kf7 35. e6+ Ke7 36. Rgg8 1-0

[Event "29th Czech Open A 2018"]
[Site "Pardubice CZE"]
[Date "2018.07.21"]
[Round "2.90"]
[White "Michenka, Jozef"]
[Black "Head, Louise"]
[Result "1-0"]
[WhiteTitle "IM"]
[BlackTitle "WFM"]
[WhiteElo "2329"]
[BlackElo "2097"]
[WhiteFideId "301175"]
[BlackFideId "424773"]
[EventDate "2018.07.20"]

1. d4 d5 2. c4 dxc4 3. Nf3 c5 4. d5 e6 5. Nc3 exd5 6. Qxd5 Qxd5 7. Nxd5 Bd6 8.
Nd2 Nc6 9. Nxc4 Bb8 10. e4 Be6 11. Be3 b6 12. Be2 Nge7 13. O-O-O O-O 14. Bf3 Ng6
15. h4 Nge5 16. Nxe5 Bxe5 17. Be2 Rad8 18. Bc4 Bd4 19. Rhe1 Rd6 20. Bf4 Ne5 21.
Rxd4 cxd4 22. Bxe5 Rd7 23. b3 f5 24. Nxb6 Re7 25. Bd6 Rfe8 26. Bxe7 Bxc4 27. Nd5
Bd3 28. exf5 Bxf5 29. Kd2 Kf7 30. Bc5 Rd8 31. Re7+ Kg8 32. Nf4 Rc8 33. Bxd4 1-0

[Event "29th Czech Open A 2018"]
[Site "Pardubice CZE"]
[Date "2018.07.21"]
[Round "2.91"]
[White "Narendran, Gouthaman"]
[Black "Schroeder, Kevin"]
[Result "1/2-1/2"]
[BlackTitle "FM"]
[WhiteElo "2044"]
[BlackElo "2329"]
[WhiteFideId "46673989"]
[BlackFideId "12929840"]
[EventDate "2018.07.20"]

1. e4 g6 2. d4 Bg7 3. Nc3 c6 4. Nf3 d5 5. h3 dxe4 6. Nxe4 Nf6 7. Nxf6+ exf6 8.
Bc4 O-O 9. O-O a5 10. c3 Na6 11. Bf4 Nc7 12. Qd2 Nd5 13. Bh6 b5 14. Bxg7 Kxg7
15. Bb3 a4 16. Bxd5 Qxd5 17. Qf4 Re8 18. Rfe1 Rxe1+ 19. Nxe1 Bf5 20. Qf3 a3 21.
Qxd5 axb2 22. Rb1 Bxb1 23. Qb3 Rxa2 24. Kh2 Bf5 25. Nc2 b1=Q 26. Qxb1 Rxc2 27.
Qe1 Be6 28. Qe3 Bd5 29. Kg1 Ra2 30. Kh2 g5 31. h4 h6 32. hxg5 hxg5 33. Kg1 Ra5
34. Qd3 Ra1+ 35. Kh2 Bc4 36. Qf3 Ra6 37. Kg1 1/2-1/2

[Event "29th Czech Open A 2018"]
[Site "Pardubice CZE"]
[Date "2018.07.21"]
[Round "2.92"]
[White "Sosovicka, Jakub"]
[Black "Westerinen, Heikki M.J."]
[Result "0-1"]
[BlackTitle "GM"]
[WhiteElo "1982"]
[BlackElo "2310"]
[WhiteFideId "14929210"]
[BlackFideId "500020"]
[EventDate "2018.07.20"]

1. e4 e6 2. d4 d5 3. Nc3 Bb4 4. e5 c5 5. Bd2 Nc6 6. Nb5 Bxd2+ 7. Qxd2 Nxd4 8.
Nxd4 cxd4 9. Nf3 Ne7 10. Nxd4 O-O 11. f4 Nc6 12. O-O-O Bd7 13. Kb1 f6 14. exf6
Qxf6 15. g3 Rac8 16. Bg2 Qxd4 17. Qxd4 Nxd4 18. Rxd4 g5 19. Rf1 gxf4 20. gxf4 b6
21. f5 Rxf5 22. Rxf5 exf5 23. Rxd5 Be6 24. Rd4 Kf7 25. c3 Rg8 26. Bf3 Rg1+ 27.
Kc2 Rf1 28. Bb7 Bxa2 29. Rd7+ Kg6 30. Ba6 Rf2+ 31. Kc1 Bb3 32. Rxa7 Rc2+ 33. Kb1
Rd2 0-1

[Event "29th Czech Open A 2018"]
[Site "Pardubice CZE"]
[Date "2018.07.21"]
[Round "2.93"]
[White "Punin, Andrii"]
[Black "Laith, Kasib"]
[Result "1-0"]
[WhiteTitle "FM"]
[BlackTitle "FM"]
[WhiteElo "2296"]
[BlackElo "2080"]
[WhiteFideId "14112639"]
[BlackFideId "4801059"]
[EventDate "2018.07.20"]

1. Nf3 d5 2. c4 e6 3. g3 Nf6 4. Bg2 Be7 5. O-O O-O 6. d4 c6 7. Qc2 Nbd7 8. Nbd2
b6 9. e4 dxc4 10. Nxc4 Bb7 11. Rd1 b5 12. Ne3 Qb6 13. Bd2 a5 14. a3 Rfe8 15. b4
axb4 16. axb4 Bf8 17. Bc3 Qc7 18. Nf1 Rxa1 19. Rxa1 c5 20. dxc5 Bxe4 21. Qe2 Qb7
22. N1d2 Bc6 23. Nb3 Ne4 24. Be1 Ng5 25. Nxg5 Bxg2 26. Na5 Qd5 27. Rd1 Qxg5 28.
Kxg2 Nf6 29. Qxb5 Qg4 30. f3 Qf5 31. Qd3 Nd5 32. Qxf5 Ne3+ 33. Kg1 exf5 34. Rc1
Nd5 35. Kf2 g6 36. Nc6 Bh6 37. Rd1 Be3+ 38. Kf1 Nc7 39. Rd8 Kf8 40. Rxe8+ Kxe8
41. Bf2 Kd7 42. Ne5+ Ke6 43. Bxe3 1-0

[Event "29th Czech Open A 2018"]
[Site "Pardubice CZE"]
[Date "2018.07.21"]
[Round "2.94"]
[White "Polgar-Shutzman, Tom"]
[Black "Obsivac, Josef"]
[Result "0-1"]
[BlackTitle "FM"]
[WhiteElo "2076"]
[BlackElo "2290"]
[WhiteFideId "2064880"]
[BlackFideId "303690"]
[EventDate "2018.07.20"]

1. e4 c5 2. Nf3 e6 3. g3 Nc6 4. Bg2 Nf6 5. Qe2 d6 6. O-O Be7 7. c3 O-O 8. d4
cxd4 9. cxd4 d5 10. e5 Ne4 11. Rd1 Qb6 12. Be3 Bd7 13. Ne1 f5 14. f3 Ng5 15. h4
Nf7 16. Nc3 Na5 17. Nd3 Nc4 18. Bf2 Nd8 19. f4 Rc8 20. Bxd5 exd5 21. Nxd5 Qe6
22. Nxe7+ Qxe7 23. Nc5 Nb6 24. d5 Rxc5 25. d6 Qf7 26. Bxc5 Ne6 27. Bf2 Bc6 28.
Kh2 h6 29. Bxb6 axb6 30. a4 Ra8 31. b4 Rxa4 32. b5 Re4 33. Qb2 Bd7 34. Re1 Rxe1
35. Rxe1 Nc5 36. Qa3 Qc4 37. Qa8+ Kh7 38. Qd8 Qc2+ 39. Kh3 Qf2 40. Qxb6 Qxe1 0-1

[Event "29th Czech Open A 2018"]
[Site "Pardubice CZE"]
[Date "2018.07.21"]
[Round "2.95"]
[White "Gonda, Laszlo"]
[Black "French, Max"]
[Result "1-0"]
[WhiteTitle "GM"]
[WhiteElo "2534"]
[BlackElo "2003"]
[WhiteFideId "720852"]
[BlackFideId "426652"]
[EventDate "2018.07.20"]

1. d4 Nf6 2. Nf3 e6 3. Bf4 c5 4. e3 Nc6 5. Nc3 cxd4 6. exd4 Bb4 7. Bd2 d5 8. Bd3
O-O 9. O-O a6 10. Re1 Qc7 11. a3 Bd6 12. Ne2 b5 13. Ng3 b4 14. axb4 Nxb4 15.
Bxb4 Bxb4 16. Re3 Ng4 17. Re2 f5 18. Nf1 Bd6 19. Qe1 Nf6 20. b3 a5 21. c4 Bb4
22. Qc1 Qb6 23. c5 Qc7 24. Ne5 Ba6 25. Bxa6 Rxa6 26. Nd3 Rb8 27. f3 Nd7 28. Ng3
Qc6 29. Nh5 Nf8 30. Ra4 Qb5 31. Qc2 g6 32. Nhf4 Kf7 33. Ne5+ Kf6 34. Kf2 Rc8 35.
Nfd3 Rc7 36. Qc1 Nd7 37. Rea2 Bxc5 38. Nxd7+ Qxd7 39. Nxc5 Qb5 40. Qe3 1-0

[Event "29th Czech Open A 2018"]
[Site "Pardubice CZE"]
[Date "2018.07.21"]
[Round "2.96"]
[White "Kraus, Tomas"]
[Black "Eriksson, Christian Altenburg"]
[Result "1-0"]
[WhiteTitle "IM"]
[WhiteElo "2442"]
[BlackElo "2159"]
[WhiteFideId "331708"]
[BlackFideId "1412159"]
[EventDate "2018.07.20"]

1. Nf3 c5 2. e3 Nc6 3. d4 cxd4 4. exd4 d5 5. c3 g6 6. Bf4 Bg7 7. Nbd2 Nf6 8. h3
O-O 9. Be2 Bf5 10. O-O Ne4 11. Re1 f6 12. c4 Nxd2 13. Qxd2 Be6 14. c5 a5 15. Ba6
Bc8 16. Bf1 Bf5 17. Bh6 Be4 18. Bxg7 Kxg7 19. Nh2 Bf5 20. Bb5 Bd7 21. Re3 e5 22.
Bxc6 exd4 23. Bxd7 dxe3 24. Qxd5 exf2+ 25. Kxf2 Qc7 26. Qd6 Qxd6 27. cxd6 Rad8
28. Bb5 Rxd6 29. Nf3 Rc8 30. b3 Rc2+ 31. Kg1 h5 32. a4 Rc3 33. Bc4 g5 34. Re1
Kf8 35. Kh2 b6 36. Re4 Rc1 37. Nd4 h4 38. g4 Rc3 39. Kg2 Rc1 40. Kf2 Rc3 41. Ke2
Rc1 42. Ne6+ Kg8 43. Nc7+ Kf8 44. Re8+ Kg7 45. Re7+ Kf8 46. Rh7 Rc3 47. Ne6+ Kg8
48. Re7 Rc2+ 49. Ke3 Rc1 50. Ke4 b5 51. axb5 a4 52. Kf5 1-0

[Event "29th Czech Open A 2018"]
[Site "Pardubice CZE"]
[Date "2018.07.21"]
[Round "2.97"]
[White "Murko, David"]
[Black "Domogaev, Sergey"]
[Result "0-1"]
[BlackTitle "GM"]
[WhiteElo "2149"]
[BlackElo "2414"]
[WhiteFideId "14613891"]
[BlackFideId "24103608"]
[EventDate "2018.07.20"]

1. e4 c5 2. Nf3 Nc6 3. Bb5 g6 4. Bxc6 dxc6 5. h3 Bg7 6. Nc3 e5 7. d3 Qe7 8. O-O
Nf6 9. Be3 Nd7 10. a3 Nf8 11. Na4 b6 12. b4 cxb4 13. axb4 Bb7 14. Qb1 Ne6 15.
Qb2 O-O 16. Ra3 f5 17. Qa2 Kh8 18. Nb2 b5 19. exf5 gxf5 20. Bd2 e4 21. Re1 exf3
22. Rxe6 Qf7 23. g3 Qh5 24. d4 f4 25. Re5 Qxh3 26. Rxf3 c5 0-1